00353pab a2200145 454500008004000000100001700040245005600057260000900113300001300122362001100135650001500146650001300161650001300174773002000187180718b2011 xxu||||| |||| 00| 0 eng d aGorge, Jyoti aBest practices in teaching, learning and evaluation c2011 ap.15-20. a30 May aEvaluation aLearning aTeaching aUniversity News